Orbiter - Noah Kahan - Statistics

General Stats
  • This quiz has been taken 18 times
  • The average score is 266 of 347
Answer Stats
Answer % Correct
a
100%
an
100%
I
100%
I'm
100%
the
100%
You
100%
you
100%
You're
100%
and
93%
And
93%
astronaut
93%
circle
93%
moon
93%
to
93%
in
87%
it
87%
my
87%
no
87%
of
87%
on
87%
sing
87%
be
80%
college
80%
is
80%
It's
80%
just
80%
kid
80%
look
80%
not
80%
see
80%
so
80%
some
80%
Some
80%
stare
80%
them
80%
time
80%
Who
80%
window
80%
With
80%
ain't
73%
at
73%
beautiful
73%
but
73%
But
73%
carpet
73%
crowd
73%
don't
73%
down
73%
drunk
73%
exhausted
73%
first
73%
for
73%
howl
73%
know
73%
last
73%
oh
73%
Oh
73%
out
73%
people
73%
points
73%
red
73%
said
73%
Said
73%
sound
73%
They
73%
this
73%
This
73%
Until
73%
why
73%
windows
73%
won't
73%
alien
67%
award
67%
awkward
67%
bitter
67%
camera
67%
flash
67%
ground
67%
If
67%
insect
67%
losing
67%
more
67%
much
67%
never
67%
Or
67%
outside
67%
show
67%
than
67%
they're
67%
Watertown
67%
will
67%
wolves
67%
back
60%
California
60%
care
60%
close
60%
even
60%
Even
60%
ignore
60%
important
60%
laugh
60%
moment
60%
stiff
60%
through
60%
anxious
53%
bite
53%
blood
53%
feel
53%
get
53%
hard
53%
lost
53%
need
53%
pups
53%
taste
53%
All
47%
climbing
47%
far
47%
gonna
47%
lose
47%
They'll
47%
'til
47%
tongue
47%
wolf
47%
aging
40%
ballroom
40%
cloth
40%
clutch
40%
either
40%
Hits
40%
leaks
40%
Rain
40%
roof
40%
steel
40%
babe
33%
ceiling
33%
cling
33%
God
33%
less
33%
patrons
33%
seat
33%
trying
33%
warn
33%
way
33%
No matching quizzes found
Score Distribution
Percent of People with Each Score
Percentile by Number Answered
Your Score History
You have not taken this quiz